Les départements français commençant par A - Statistiques

Statistiques générales
  • Ce quiz a été pris 110 fois
  • Le résultat moyen est 9 sur 11
Statistiques - réponses
Numéro Réponse % Correct
01 Ain
100%
02 Aisne
94%
03 Allier
86%
06 Alpes-Maritimes
86%
11 Aude
84%
10 Aube
83%
12 Aveyron
83%
07 Ardèche
82%
09 Ariège
82%
04 Alpes-de-Haute-Provence
76%
08 Ardennes
74%
Aucun quiz correspondant
Distribution des résultats
% des personnes avec chaque résultat
Percentile par nombre de réponses
Votre historique - résultats
Vous n’avez pas pris ce quiz